| 000 | 01037 a2200277 4500 | ||
|---|---|---|---|
| 001 | 117363 | ||
| 020 | _a9788508103799 | ||
| 020 | _q(Broch.) | ||
| 041 | _apor | ||
| 082 | _a741 | ||
| 490 | _aLivros sem palavras | ||
| 500 | _a“Altamente recomendável” da FNLIJ e, adaptado para o teatro, recebeu o prêmio Mirian Muniz e 12 indicações ao prêmio coca-cola, e a cotação máxima de todas as críticas. | ||
| 520 | _aBambolina é uma boneca de pano que passa de mão em mão até ser abandonada no lixo. Uma história emocionante sobre as diferentes formas de relação entre as pessoas | ||
| 521 | _aYear 3 | ||
| 697 | _aLiteratura infantojuvenil | ||
| 697 | _aLeitura de imagem. | ||
| 697 | _aComportamento | ||
| 856 | _u00002a/00002afd.jpg | ||
| 040 |
_aBR-BrIDEA _cBR-BrIDEA |
||
| 090 |
_aA Year 3 741 _bIAC |
||
| 100 |
_aIacocca, Michele _d1942 |
||
| 245 | 1 | 0 |
_aAs aventuras de Bambolina _cMichele Iacocca |
| 260 |
_aSão Paulo _bÁtica _c2006 |
||
| 300 |
_a32p. _bil. color _e27.5cm x 20.2cm |
||
| 942 | _cBK | ||
| 999 |
_c117363 _d117363 |
||